| Record ID | marc_records_scriblio_net/part28.dat:22282248:781 |
| Source | Scriblio |
| Download Link | /show-records/marc_records_scriblio_net/part28.dat:22282248:781?format=raw |
LEADER: 00781cam 2200241 a 4500
001 99066184
003 DLC
005 20010725105441.0
008 990809s2000 nyua b 000 1 eng
010 $a 99066184
020 $a0764152335
040 $aDLC$cDLC
042 $alcac
050 00 $aPZ7.S53234$bBu 2000
082 00 $a[E]$221
100 1 $aSharratt, Nick.
245 10 $aBuzz buzz, bumble Kitty /$cNick Sharratt.
250 $a1st ed.
260 $aHauppauge, NY :$bBarron's Educational Series,$c2000.
300 $a1 v. (unpaged) :$bcol. ill. ;$c31 cm.
520 $aSplit pages of illustrations allow the reader to create a royal cowboy, a skyscraper kitty, and other "silly picture mixtures."
650 0 $aToy and movable books$vSpecimens.
650 1 $aToy and movable books.